| Tag |
First Indicator |
Second Indicator |
Subfields |
| LEADER |
00000cam a22000008a 4500 |
| 001 |
in00004457597 |
| 005 |
20191202121131.0 |
| 008 |
871028s1988 caua b 10100 eng c |
| 010 |
|
|
|a 87031903
|
| 020 |
|
|
|a 0126522456 (alk. paper)
|
| 035 |
|
|
|a (OCoLC)16985506
|
| 035 |
|
|
|9 AAA7595MS
|
| 035 |
|
|
|z (UtOrBLW)3137
|
| 035 |
|
|
|a 4745
|
| 040 |
|
|
|a DNLM/DLC
|c DLC
|d TMV
|d UtOrBLW
|
| 049 |
|
|
|a TMVM
|c 1
|
| 050 |
0 |
0 |
|a RC607.A26
|b H58 1988
|
| 059 |
|
|
|l MS/BOOK STKS
|v 5
|y 1
|z 6
|t BOOK
|k CIRCULATING
|i 3238900820192
|n NL
|a WD 308
|b I17 1987h
|
| 060 |
|
0 |
|a WD 308 H676 1987
|
| 060 |
|
4 |
|a WC 503
|b I17 1987h
|
| 111 |
2 |
|
|a ICN Pharmaceuticals Annual Conference on Virology
|d (1987 :
|c Newport Beach, Calif.)
|
| 245 |
1 |
0 |
|a HIV and other highly pathogenic viruses /
|c edited by Roberts A. Smith.
|
| 264 |
|
1 |
|a San Diego :
|b Academic Press,
|c 1988.
|
| 300 |
|
|
|a ix, 135 pages :
|b illustrations ;
|c 24 cm.
|
| 336 |
|
|
|a text
|2 rdacontent
|b txt
|
| 337 |
|
|
|a unmediated
|2 rdamedia
|
| 338 |
|
|
|a volume
|2 rdacarrier
|b nc
|
| 500 |
|
|
|a "ICN Pharmaceuticals Annual Conference on Virology, Newport Beach, Calif., January 15-16, 1987"--P. facing title page.
|
| 504 |
|
|
|a Includes bibliographies and index.
|
| 650 |
|
2 |
|a Acquired Immunodeficiency Syndrome
|x therapy
|v Congresses.
|
| 650 |
|
2 |
|a HIV
|v Congresses.
|
| 650 |
|
2 |
|a Interferon Type I
|x therapeutic use
|v Congresses.
|
| 650 |
|
2 |
|a Ribonucleosides
|x therapeutic use
|v Congresses.
|
| 650 |
|
2 |
|a Thymidine
|x analogs & derivatives
|v Congresses.
|
| 650 |
|
2 |
|a Visna-maedi virus
|v Congresses.
|
| 700 |
1 |
|
|a Smith, Roberts Angus,
|d 1928-
|
| 948 |
|
|
|a Keep until updated per EC; 2003 evaluation, nb 10/15/03.
|
| 999 |
|
|
|a MARS
|
| 999 |
f |
f |
|s 064148a8-f8a7-31a6-acda-43c6d768d275
|i 6674b31d-5275-3529-9cea-1eff0e4b4c9d
|t 0
|
| 952 |
f |
f |
|p ric
|a Texas A&M University
|b Rellis Campus
|c Joint Library Facility
|d Remote Storage
|t 0
|e WC 503 I17 1987h
|h National Library of Medicine classification
|i unmediated -- volume
|m 3238900820192
|
| 998 |
f |
f |
|a WC 503 I17 1987h
|t 0
|l Remote Storage
|